Matters with Mohs Scale greater than 5 - Sudden Death - Statistics

General Stats
  • This quiz has been taken 9 times
  • The average score is 5 of 10
Answers on the Grid
Answers color-coded by a green-red scale on the quiz's grid according to % correct below.
Adamite
Apatile
Brass
Calcite
Chromium
Colemanite
Copper
Corundum
Dentin
Diamond
Fluorite
Glass
Gypsum
Hardwood
Human Nail
Ice
Iron
Lead
Lithium
Magnesium
Opal
Orthoclase Feldspar
Potassium
Quartz
Rhodium
Sphalerite
Talc
Topaz
Tungsten
Zinc
 
Answer Stats
Answer % Correct
Corundum
100%
Diamond
100%
Orthoclase Feldspar
100%
Quartz
100%
Topaz
100%
Tungsten
33%
Chromium
0%
Glass
0%
Opal
0%
Rhodium
0%
No matching quizzes found
Score Distribution
Percent of People with Each Score
Percentile by Number Answered
Your Score History
You have not taken this quiz